<?xml version="1.0" encoding="UTF-8"?>
<collection xmlns="http://www.loc.gov/MARC21/slim">
<record>
  <controlfield tag="001">135719</controlfield>
  <controlfield tag="005">20240614091947.0</controlfield>
  <datafield tag="024" ind1="7" ind2=" ">
    <subfield code="2">doi</subfield>
    <subfield code="a">10.1016/j.neubiorev.2021.10.005</subfield>
  </datafield>
  <datafield tag="024" ind1="8" ind2=" ">
    <subfield code="2">sideral</subfield>
    <subfield code="a">126783</subfield>
  </datafield>
  <datafield tag="037" ind1=" " ind2=" ">
    <subfield code="a">ART-2021-126783</subfield>
  </datafield>
  <datafield tag="041" ind1=" " ind2=" ">
    <subfield code="a">eng</subfield>
  </datafield>
  <datafield tag="100" ind1=" " ind2=" ">
    <subfield code="a">Sastre-Buades, A.</subfield>
  </datafield>
  <datafield tag="245" ind1=" " ind2=" ">
    <subfield code="a">Decision-making in suicidal behavior: A systematic review and meta-analysis</subfield>
  </datafield>
  <datafield tag="260" ind1=" " ind2=" ">
    <subfield code="c">2021</subfield>
  </datafield>
  <datafield tag="520" ind1="3" ind2=" ">
    <subfield code="a">Impaired decision-making (DM) is well-known in suicidal behavior (SB). We aimed to review the evidence on DM and its mediating factors in SB and perform a meta-analysis on DM assessed using the Iowa Gambling Task (IGT). We conducted a search on databases of papers published on DM and SB up to 2020: 46 studies were included in the systematic review, and 18 in the meta-analysis. For meta-analysis, we compared DM performance between suicide attempters (SAs) and patients (PCs) or healthy controls (HCs). The systematic review showed that SAs have greater difficulties in all DM domains. The meta-analysis found worse IGT performance among SAs in comparison with PCs and HCs. A meta-regression did not find differences for age, gender, psychiatric disorder, and clinical status. Our findings indicate that SAs exhibited deficits in DM under conditions of risk though not ambiguity. Worse DM was independent of age, gender, psychiatric disorder, and suggested that DM impairment could be considered a cognitive trait of suicidal vulnerability, a risk factor and an attribute of SAs.</subfield>
  </datafield>
  <datafield tag="536" ind1=" " ind2=" ">
    <subfield code="9">info:eu-repo/grantAgreement/ES/ESF-ERDF/PEJD-2018-PRE-SAL-8417</subfield>
    <subfield code="9">info:eu-repo/grantAgreement/ES/ISCIII/PI20-01555</subfield>
    <subfield code="9">info:eu-repo/grantAgreement/ES/MCIU/TEC2017-92552-EXP</subfield>
    <subfield code="9">info:eu-repo/grantAgreement/ES/MICINN/RTI2018-099655-B-I00</subfield>
    <subfield code="9">info:eu-repo/grantAgreement/ES/MINECO/TEC2015-69868-C2-1-R</subfield>
  </datafield>
  <datafield tag="540" ind1=" " ind2=" ">
    <subfield code="9">info:eu-repo/semantics/closedAccess</subfield>
    <subfield code="a">All rights reserved</subfield>
    <subfield code="u">http://www.europeana.eu/rights/rr-f/</subfield>
  </datafield>
  <datafield tag="590" ind1=" " ind2=" ">
    <subfield code="a">9.052</subfield>
    <subfield code="b">2021</subfield>
  </datafield>
  <datafield tag="591" ind1=" " ind2=" ">
    <subfield code="a">NEUROSCIENCES</subfield>
    <subfield code="b">27 / 275 = 0.098</subfield>
    <subfield code="c">2021</subfield>
    <subfield code="d">Q1</subfield>
    <subfield code="e">T1</subfield>
  </datafield>
  <datafield tag="591" ind1=" " ind2=" ">
    <subfield code="a">BEHAVIORAL SCIENCES</subfield>
    <subfield code="b">3 / 53 = 0.057</subfield>
    <subfield code="c">2021</subfield>
    <subfield code="d">Q1</subfield>
    <subfield code="e">T1</subfield>
  </datafield>
  <datafield tag="592" ind1=" " ind2=" ">
    <subfield code="a">2.66</subfield>
    <subfield code="b">2021</subfield>
  </datafield>
  <datafield tag="593" ind1=" " ind2=" ">
    <subfield code="a">Cognitive Neuroscience</subfield>
    <subfield code="c">2021</subfield>
    <subfield code="d">Q1</subfield>
  </datafield>
  <datafield tag="593" ind1=" " ind2=" ">
    <subfield code="a">Behavioral Neuroscience</subfield>
    <subfield code="c">2021</subfield>
    <subfield code="d">Q1</subfield>
  </datafield>
  <datafield tag="594" ind1=" " ind2=" ">
    <subfield code="a">12.8</subfield>
    <subfield code="b">2021</subfield>
  </datafield>
  <datafield tag="655" ind1=" " ind2="4">
    <subfield code="a">info:eu-repo/semantics/article</subfield>
    <subfield code="v">info:eu-repo/semantics/publishedVersion</subfield>
  </datafield>
  <datafield tag="700" ind1=" " ind2=" ">
    <subfield code="a">Alacreu-Crespo, A.</subfield>
    <subfield code="u">Universidad de Zaragoza</subfield>
    <subfield code="0">(orcid)0000-0002-0633-2810</subfield>
  </datafield>
  <datafield tag="700" ind1=" " ind2=" ">
    <subfield code="a">Courtet, P.</subfield>
  </datafield>
  <datafield tag="700" ind1=" " ind2=" ">
    <subfield code="a">Baca-Garcia, E.</subfield>
  </datafield>
  <datafield tag="700" ind1=" " ind2=" ">
    <subfield code="a">Barrigon, M.L.</subfield>
  </datafield>
  <datafield tag="710" ind1="2" ind2=" ">
    <subfield code="1">4009</subfield>
    <subfield code="2">680</subfield>
    <subfield code="a">Universidad de Zaragoza</subfield>
    <subfield code="b">Dpto. Psicología y Sociología</subfield>
    <subfield code="c">Área Person.Eval.Trat.Psicoló.</subfield>
  </datafield>
  <datafield tag="773" ind1=" " ind2=" ">
    <subfield code="g">131 (2021), 642-662</subfield>
    <subfield code="p">Neurosci. biobehav. rev.</subfield>
    <subfield code="t">NEUROSCIENCE AND BIOBEHAVIORAL REVIEWS</subfield>
    <subfield code="x">0149-7634</subfield>
  </datafield>
  <datafield tag="856" ind1="4" ind2=" ">
    <subfield code="s">2949953</subfield>
    <subfield code="u">http://zaguan.unizar.es/record/135719/files/texto_completo.pdf</subfield>
    <subfield code="y">Versión publicada</subfield>
  </datafield>
  <datafield tag="856" ind1="4" ind2=" ">
    <subfield code="s">2246838</subfield>
    <subfield code="u">http://zaguan.unizar.es/record/135719/files/texto_completo.jpg?subformat=icon</subfield>
    <subfield code="x">icon</subfield>
    <subfield code="y">Versión publicada</subfield>
  </datafield>
  <datafield tag="909" ind1="C" ind2="O">
    <subfield code="o">oai:zaguan.unizar.es:135719</subfield>
    <subfield code="p">articulos</subfield>
    <subfield code="p">driver</subfield>
  </datafield>
  <datafield tag="951" ind1=" " ind2=" ">
    <subfield code="a">2024-06-14-08:58:40</subfield>
  </datafield>
  <datafield tag="980" ind1=" " ind2=" ">
    <subfield code="a">ARTICLE</subfield>
  </datafield>
</record>
</collection>